000
00335nam a2200133Ia 4500
008
231221s9999 xx 000 0 und d
020
_a
978-0-387-30038-2
041
_a
English
100
_a
Borko Furht
245
0
_a
Encyclopedia of Multimedia
260
_c
2006
_b
Springer US
_a
New York
650
_a
Computer Science
942
_c
EB
999
_c
218103
_d
218103